000 00675nam a2200241Ia 4500
003 OSt
005 20220926012530.0
006 a|||||r|||| 00| 0
007 ta
008 220923b |||||||| |||| 00| 0 eng d
020 _a0385027249
037 _cGeneral Book
040 _aRTL
_cRTL
_beng
041 _2eng
_aeng
082 _aT4:3(X:8).73,eH, L3
100 _aCohen Peter
_9316806
245 0 _aGospel according to the Harvard Business School
260 _aNew York
_bDoubleday U S A
_c1973
300 _a331p
_ccm.
650 _aUniversity Education
942 _hT4:3(X:8).73,eH, L3
_cGB
_2CC
999 _c623431
_d623431